| 000 | 00482nam a22001937a 4500 | ||
|---|---|---|---|
| 003 | MPLRDC | ||
| 005 | 20220104143828.0 | ||
| 008 | 210129b ||||| |||| 00| 0 eng d | ||
| 020 | _a957-32-6041-7 | ||
| 082 | _a741.799 WXH | ||
| 100 | _a吴祥辉 | ||
| 245 |
_a惊叹爱尔兰 _c |
||
| 250 | _a初版 | ||
| 260 |
_a台湾 _b远流出版事业股份有限公司 _c2007 |
||
| 300 | _b平 | ||
| 490 | _a绿蠹鱼. 67 | ||
| 650 | _a英国--爱尔兰 | ||
| 942 |
_cBK _o741.799 WXH |
||
| 999 |
_c43746 _d43736 |
||